Báo chí và truyền thông đa phương tiện : (Sách chuyên khảo)

Nội dung sách giới thiệu tổng quan về báo chí và truyền thông đa phương tiện. Các xu thế phát triển của báo chí trong kỷ nguyên kỹ thuật số. Hội tụ truyền thông và tòa soạn hội tụ. Nhà báo đa phương tiện, tác phẩm báo chí đa phương tiện...

Full description

Saved in:
Bibliographic Details
Main Author: Nguyễn, Thị Trường Giang
Format: Book
Language:Undetermined
Published: Hà Nội Đại học Quốc gia Hà Nội 2017
Subjects:
Tags: Add Tag
No Tags, Be the first to tag this record!
Institutions: Trung tâm Học liệu Trường Đại học Cần Thơ
LEADER 01185nam a2200205Ia 4500
001 CTU_230304
008 210402s9999 xx 000 0 und d
082 |a 070.1 
082 |b Gi106 
100 |a Nguyễn, Thị Trường Giang 
245 0 |a Báo chí và truyền thông đa phương tiện : 
245 0 |b (Sách chuyên khảo) 
245 0 |c Nguyễn Thị Trường Giang (chủ biên) 
260 |a Hà Nội 
260 |b Đại học Quốc gia Hà Nội 
260 |c 2017 
520 |a Nội dung sách giới thiệu tổng quan về báo chí và truyền thông đa phương tiện. Các xu thế phát triển của báo chí trong kỷ nguyên kỹ thuật số. Hội tụ truyền thông và tòa soạn hội tụ. Nhà báo đa phương tiện, tác phẩm báo chí đa phương tiện. Công chúng báo chí và truyền thông trong kỷ nguyên mới. 
650 |a Báo chí, truyền thông và giao tiếp xã hội,Journalism, media, and social communication 
910 |b dqhieu 
980 |a Trung tâm Học liệu Trường Đại học Cần Thơ